000 00601nam a22001577a 4500
003 OSt
005 20151004104913.0
008 151004b xxu||||| |||| 00| 0 eng d
040 _cRUA
082 _aAVM SIM 2001 B072 Or.1
100 _92000
_aSIM, SITH.
245 _aEpidemiolgical study of anthrax in the kingdom of cambodia, ការសិក្សាអំពីការរាតត្បាតនៃជំងឺឈាមខ្មៅនៅព្រះរាជាណាចក្រកម្ពុជា
260 _aPhnom Penh
_bRUA
_c2001
300 _av; 50p.
_bill.
_c29cm.
942 _2ddc
_cAVM
999 _c1890
_d1890